00218pab a2200085 454500008003600000100001400036245005200050650001600102773001400118180718b xxu||||| |||| 00| 0 eng d aBose, B.L aFuture shock - living with electronic pollution aEnvironment aStatesman